00628nam a2200181Ia 4500952015500000999001500155003000400170005001700174008004100191040000900232082001800241100002600259245004900285260004100334300000900375650002000384942004200404 00102ddc40708ACCOUNTINGaMESbMEScACCOUNTINGd2019-02-20g100.00l1o657.42 KUM/Ep27477r2020-01-16 00:00:00s2020-01-06w2019-02-20yBKzGL56R3 c6353d6353OSt20200116150029.0190216s9999||||xx |||||||||||||| ||und|| coclc a657.42bKUM/E aKumar, Pradeep 91222 0aElements Of Cost Accounting /cPradeep Kumar bKedar Nath Ram Nath,c1998.aMeerut: a418p aCost Accounting cBK2ddch657.42iKUM/Ek657.42mKUM/E